Good marriages don't just happen: (Record no. 14647)

000 -LEADER
fixed length control field 00728nam a2200193 a 4500
001 - CONTROL NUMBER
control field :::00012480$&:&@@
003 - CONTROL NUMBER IDENTIFIER
control field OkBaRHE
005 - DATE AND TIME OF LATEST TRANSACTION
control field 20100402121809.0
008 - FIXED-LENGTH DATA ELEMENTS--GENERAL INFORMATION
fixed length control field s1984 j 000 0 eng u
040 ## - CATALOGING SOURCE
Transcribing agency
100 1# - MAIN ENTRY--PERSONAL NAME
Personal name Martin, O. Dean (Oliver Dean), 1934-
245 10 - TITLE STATEMENT
Title Good marriages don't just happen:
Remainder of title for those who have a good marriage and want to keep it and those who do not but wish they did.
260 ## - PUBLICATION, DISTRIBUTION, ETC. (IMPRINT)
Place of publication, distribution, etc Old Tappan, NJ., :
Name of publisher, distributor, etc Fleming H. Revell Co.
Date of publication, distribution, etc 1984
300 ## - PHYSICAL DESCRIPTION
Extent 159 p. ;
Dimensions 22 cm.
650 ## - SUBJECT ADDED ENTRY--TOPICAL TERM
Topical term or geographic name as entry element Marriage
650 ## - SUBJECT ADDED ENTRY--TOPICAL TERM
Topical term or geographic name as entry element Marriage
General subdivision Religious Aspects
-- Christianity
942 ## - ADDED ENTRY ELEMENTS (KOHA)
Source of classification or shelving scheme
Koha item type Books
Copies
Shelving location Not for loan Damaged status Full call number Date last seen Barcode Copy number Permanent Location Date acquired Source of classification or shelving scheme Lost status Withdrawn status Price effective from Koha item type
General Stacks  HQ 734 .M4272 19842010-04-14124801RHEMA Bible Training College2010-04-14   2010-04-14Books